Die ungarische Regierung und die Entstehung des Weltkrieges
Elmentve itt :
| Szerző: | |
|---|---|
| Dokumentumtípus: | Cikk |
| Megjelent: |
1919
|
| Sorozat: | Kolligátum
|
| Kulcsszavak: | Világháború - 1. - előzményei, Külpolitika - Magyarország - 1914 |
| Online Access: | http://misc.bibl.u-szeged.hu/22508 |
| LEADER | 00608nab a2200169 i 4500 | ||
|---|---|---|---|
| 001 | misc22508 | ||
| 005 | 20191111110524.0 | ||
| 008 | 170830s1919 hu o 0|| zxx d | ||
| 040 | |a SZTE Miscellanea Repozitórium |b hun | ||
| 041 | |a zxx | ||
| 100 | 1 | |a Fraknói Vilmos | |
| 245 | 1 | 4 | |a Die ungarische Regierung und die Entstehung des Weltkrieges |h [elektronikus dokumentum] / |c Fraknói Vilmos |
| 260 | |c 1919 | ||
| 300 | |a 1-64 | ||
| 490 | 0 | |a Kolligátum | |
| 695 | |a Világháború - 1. - előzményei, Külpolitika - Magyarország - 1914 | ||
| 856 | 4 | 0 | |u http://misc.bibl.u-szeged.hu/22508/1/11474_001-064.pdf |z Dokumentum-elérés |